Manual de deontología médica / (Record no. 117879)

MARC details
000 -LEADER
campo de control de longitud fija 00645nam a2200205 i 4500
001 - NÚMERO DE CONTROL
campo de control 117879
003 - IDENTIFICADOR DE NÚMERO DE CONTROL
campo de control ES-MaACL
005 - FECHA Y HORA DE LA ÚLTIMA TRANSACCIÓN
campo de control 20250806033927.0
007 - CAMPO FIJO DE DESCRIPCIÓN FÍSICA--INFORMACIÓN GENERAL
campo de control de longitud fija t|
008 - DATOS DE LONGITUD FIJA--INFORMACIÓN GENERAL
campo de control de longitud fija 070214s1944 sp r ||||1| spa d
100 1# - ENTRADA PRINCIPAL--NOMBRE DE PERSONA
Nombre de persona Peiró, Francisco Xavier,
Fechas asociadas al nombre 1883-1969
9 (RLIN) 90003
245 10 - MENCIÓN DEL TÍTULO
Título Manual de deontología médica /
Mención de responsabilidad, etc. por el Dr. Francisco Xavier Peiro.
250 ## - MENCION DE EDICION
Mención de edición 2ª ed.
260 ## - PUBLICACIÓN, DISTRIBUCIÓN, ETC.
Lugar de publicación, distribución, etc. Madrid :
Nombre del editor, distribuidor, etc. Universidad, Servicio de Publicaciones,
Fecha de publicación, distribución, etc. 1944.
300 ## - DESCRIPCIÓN FÍSICA
Extensión 466 p. ;
Dimensiones 26 cm.
650 #7 - PUNTO DE ACCESO ADICIONAL DE MATERIA--TÉRMINO DE MATERIA
Término de materia o nombre geográfico como elemento de entrada Ética médica
Fuente del encabezamiento o término embne
9 (RLIN) 12587
710 00 - ENTRADA AGREGADA--NOMBRE DE ENTIDAD CORPORATIVA
Nombre de entidad corporativa o nombre de jurisdicción como elemento de entrada Universidad de Madrid.
9 (RLIN) 7205
852 ## - LOCALIZACIÓN
Ubicación ES-MaACL
Número de control de estantería E-81
Sublocalización o colección R.20993
Holdings
Estatus retirado Estado de pérdida Estado de daño No para préstamo Biblioteca de origen Biblioteca actual Ubicación en estantería Fecha de adquisición Fuente de adquisición Total de préstamos Signatura topográfica completa Código de barras Visto por última vez Precio de reemplazo Tipo de ítem Koha
        Biblioteca del Ateneo de Madrid Biblioteca del Ateneo de Madrid Depósito 2 17/01/2008     E-81 1122891 23/02/2023 23/02/2023 Libro impreso